| 000 | 00401nam a2200157Ia 4500 | ||
|---|---|---|---|
| 008 | 210716s2008 xx 000 0 und d | ||
| 020 | _a8126510757 | ||
| 041 | _aeng | ||
| 082 | _a006.34 SIVS | ||
| 100 | _aSivanandam, S N;Deepa, S N. | ||
| 245 | _aPrinciples of soft computing. | ||
| 250 | _a5 | ||
| 260 |
_aNew Delhi _bWiley India _c2008 |
||
| 300 | _axx,742 | ||
| 650 | _aNeural Networks(006.32) | ||
| 999 |
_c189262 _d189262 |
||